[Event "XVIII Orsha GM 2020"]
[Site "Orsha"]
[Date "2020.01.19"]
[Round "3.2"]
[White "Zhukovskiy, Vadim M."]
[Black "Afanasiev, Nikita"]
[Result "1/2-1/2"]
[WhiteElo "1898"]
[BlackElo "2516"]
[Annotator "ChessBase"]
[PlyCount "53"]
[EventDate "2020.01.18"]
[EventType "tourn"]
[EventCountry "BLR"]
[SourceTitle "playchess.com"]
[Source "ChessBase"]
[SourceQuality "1"]
[TimeControl "5400+30"]

1. e4 {[%emt 0:00:35]} c5 {[%emt 0:00:00]} 2. Nf3 {[%emt 0:00:37]} Nc6 {[%emt 0:00:00]} 3. c3 {[%emt 0:01:21]} Nf6 {[%emt 0:03:44]} 4. e5 {[%emt 0:00:12]} Nd5 {[%emt 0:00:06]} 5. Bc4 {[%emt 0:00:52]} Nb6 {[%emt 0:00:14]} 6. Bb3 {[%emt 0:00:04]} c4 {[%emt 0:00:51]} 7. Bc2 {[%emt 0:00:05]} d6 {[%emt 0:00:06]} 8. exd6 {[%emt 0:00:06]} Qxd6 {[%emt 0:00:07]} 9. O-O {[%emt 0:00:05]} Bg4 {[%emt 0:00:37]} 10. Re1 {[%emt 0:00:05]} Ne5 {[%emt 0:07:27]} 11. Rxe5 {[%emt 0:00:24]} Bxf3 {[%emt 0:00:03]} 12. Qe1 {[%emt 0:00:05]} Bc6 {[%emt 0:01:34]} 13. b3 {[%emt 0:03:52]} e6 {[%emt 0:15:03]} 14. Na3 {[%emt 0:04:38]} cxb3 {[%emt 0:04:03]} 15. axb3 {[%emt 0:00:20]} Qc7 {[%emt 0:00:07]} 16. Nb5 {[%emt 0:03:08]} Bxb5 {[%emt 0:00:06]} 17. Rxb5 {[%emt 0:00:03]} a6 {[%emt 0:00:08]} 18. Rh5 {[%emt 0:01:19]} g6 {[%emt 0:01:11]} 19. Rh3 {[%emt 0:02:18]} Bg7 {[%emt 0:06:18]} 20. Ba3 {[%emt 0:00:45]} Nd5 {[%emt 0:00:17]} 21. Qe4 {[%emt 0:08:02]} O-O-O {[%emt 0:09:52]} 22. Rd3 {[%emt 0:28:34]} Nf4 {[%emt 0:02:52]} 23. Rxd8+ {[%emt 0:01:39]} Rxd8 {[%emt 0:00:03]} 24. Rd1 {[%emt 0:12:29]} f5 {[%emt 0:11:59]} 25. Qe3 {[%emt 0:01:29]} e5 {[%emt 0:00:42]} 26. g3 {[%emt 0:04:57]} Nd5 {[%emt 0:01:04]} 27. Qc5 {[%emt 0:00:17]} 1/2-1/2

[Event "XVIII Orsha GM 2020"]
[Site "Orsha"]
[Date "2020.01.19"]
[Round "3.3"]
[White "Gleizerov, Evgeny"]
[Black "Pang, Tao"]
[Result "1/2-1/2"]
[WhiteElo "2508"]
[BlackElo "2367"]
[Annotator "ChessBase"]
[PlyCount "28"]
[EventDate "2020.01.18"]
[EventType "tourn"]
[EventCountry "BLR"]
[SourceTitle "playchess.com"]
[Source "ChessBase"]
[SourceQuality "1"]
[TimeControl "5400+30"]

1. d4 {[%emt 0:00:00]} d5 {[%emt 0:00:03]} 2. c4 {[%emt 0:00:00]} e6 {[%emt 0:00:10]} 3. g3 {[%emt 0:00:38]} dxc4 {[%emt 0:01:02]} 4. Bg2 {[%emt 0:00:05]} c5 {[%emt 0:00:44]} 5. Nf3 {[%emt 0:00:22]} Nc6 {[%emt 0:00:59]} 6. Qa4 {[%emt 0:08:21]} cxd4 {[%emt 0:07:07]} 7. Nxd4 {[%emt 0:02:33]} Qxd4 {[%emt 0:16:19]} 8. Bxc6+ {[%emt 0:00:12]} Bd7 {[%emt 0:00:28]} 9. Be3 {[%emt 0:00:24]} Bxc6 {[%emt 0:01:54]} 10. Qxc6+ {[%emt 0:00:07]} Qd7 {[%emt 0:02:28]} 11. Qxc4 {[%emt 0:00:16]} Nf6 {[%emt 0:05:41]} 12. Nc3 {[%emt 0:01:21]} Rc8 {[%emt 0:01:23]} 13. Qb3 {[%emt 0:00:50]} Bc5 {[%emt 0:00:12]} 14. Bxc5 {[%emt 1:21:51]} Rxc5 {[%emt 0:58:30]} 1/2-1/2

[Event "XVIII Orsha GM 2020"]
[Site "Orsha"]
[Date "2020.01.19"]
[Round "3.4"]
[White "Zarubitski, Viachaslau"]
[Black "Nozdrachev, Leonid"]
[Result "1/2-1/2"]
[WhiteElo "2451"]
[BlackElo "2404"]
[Annotator "ChessBase"]
[PlyCount "124"]
[EventDate "2020.01.18"]
[EventType "tourn"]
[EventCountry "BLR"]
[SourceTitle "playchess.com"]
[Source "ChessBase"]
[SourceQuality "1"]
[TimeControl "5400+30"]

1. e4 {[%emt 0:00:00]} e5 {[%emt 0:00:00]} 2. Nf3 {[%emt 0:00:00]} Nc6 {[%emt 0:00:00]} 3. Bb5 {[%emt 0:00:00]} Nf6 {[%emt 0:00:00]} 4. d3 {[%emt 0:00:00]} Bc5 {[%emt 0:00:00]} 5. Bxc6 {[%emt 0:00:05]} dxc6 {[%emt 0:00:05]} 6. h3 {[%emt 0:00:05]} O-O {[%emt 0:05:41]} 7. O-O {[%emt 0:00:09]} Re8 {[%emt 0:00:12]} 8. Be3 {[%emt 0:00:20]} Nd7 {[%emt 0:04:51]} 9. Nc3 {[%emt 0:00:55]} Bf8 {[%emt 0:01:04]} 10. Ne2 {[%emt 0:06:29]} Nc5 {[%emt 0:02:51]} 11. Ng3 {[%emt 0:08:12]} g6 {[%emt 0:03:20]} 12. Nxe5 {[%emt 0:03:13]} Rxe5 {[%emt 0:02:31]} 13. d4 {[%emt 0:00:06]} Rxe4 {[%emt 0:03:13]} 14. dxc5 {[%emt 0:00:05]} Qxd1 {[%emt 0:01:43]} 15. Raxd1 {[%emt 0:18:37]} Re8 {[%emt 0:00:23]} 16. Bd4 {[%emt 0:02:55]} f5 {[%emt 0:05:27]} 17. Rfe1 {[%emt 0:05:18]} Rxe1+ {[%emt 0:07:51]} 18. Rxe1 {[%emt 0:00:00]} Kf7 {[%emt 0:00:27]} 19. Ne2 {[%emt 0:01:32]} b6 {[%emt 0:02:23]} 20. Nf4 {[%emt 0:01:33]} bxc5 {[%emt 0:00:34]} 21. Be5 {[%emt 0:07:34]} Bd6 {[%emt 0:05:47]} 22. c4 {[%emt 0:01:06]} a5 {[%emt 0:03:36]} 23. Nd3 {[%emt 0:13:03]} Be6 {[%emt 0:03:03]} 24. Rc1 {[%emt 0:00:38]} a4 {[%emt 0:02:25]} 25. f4 {[%emt 0:00:34]} Rd8 {[%emt 0:04:22]} 26. Kf2 {[%emt 0:02:00]} Bxe5 {[%emt 0:00:58]} 27. Nxe5+ {[%emt 0:00:05]} Kf6 {[%emt 0:00:11]} 28. Ke3 {[%emt 0:04:25]} Rd4 {[%emt 0:02:52]} 29. b3 {[%emt 0:06:25]} g5 {[%emt 0:05:37]} 30. g3 {[%emt 0:03:41]} gxf4+ {[%emt 0:05:07]} 31. gxf4 {[%emt 0:00:01]} Re4+ {[%emt 0:00:15]} 32. Kf3 {[%emt 0:00:08]} Bf7 {[%emt 0:00:33]} 33. Nd7+ {[%emt 0:05:27]} Kg7 {[%emt 0:10:34]} 34. Nxc5 {[%emt 0:01:40]} Bh5+ {[%emt 0:00:41]} 35. Kg3 {[%emt 0:00:06]} Re2 {[%emt 0:01:58]} 36. Nxa4 {[%emt 0:01:25]} Rxa2 {[%emt 0:00:12]} 37. Nc5 {[%emt 0:03:53]} Ra5 {[%emt 0:02:06]} 38. Na4 {[%emt 0:02:30]} Bf7 {[%emt 0:01:04]} 39. Kf2 {[%emt 0:01:01]} Kf6 {[%emt 0:00:09]} 40. Ke3 {[%emt 0:00:34]} c5 {[%emt 0:02:09]} 41. Kd2 {[%emt 0:01:08]} Be8 {[%emt 0:01:27]} 42. Nb2 {[%emt 0:00:07]} Bc6 {[%emt 0:01:09]} 43. Kc3 {[%emt 0:00:06]} Be4 {[%emt 0:02:23]} 44. Na4 {[%emt 0:00:15]} Bc6 {[%emt 0:00:29]} 45. Nxc5 {[%emt 0:00:38]} Ra2 {[%emt 0:02:57]} 46. Re1 {[%emt 0:00:43]} Bg2 {[%emt 0:00:15]} 47. Re6+ {[%emt 0:01:28]} Kf7 {[%emt 0:00:41]} 48. Rh6 {[%emt 0:01:09]} Kg7 {[%emt 0:01:41]} 49. Ra6 {[%emt 0:01:02]} Rxa6 {[%emt 0:01:15]} 50. Nxa6 {[%emt 0:00:01]} Bxh3 {[%emt 0:01:15]} 51. Nxc7 {[%emt 0:00:19]} Bg2 {[%emt 0:00:34]} 52. Kd4 {[%emt 0:00:27]} h5 {[%emt 0:00:36]} 53. Ke3 {[%emt 0:01:25]} h4 {[%emt 0:00:51]} 54. Kf2 {[%emt 0:00:51]} Be4 {[%emt 0:00:15]} 55. Ne6+ {[%emt 0:00:59]} Kg6 {[%emt 0:01:54]} 56. Ng5 {[%emt 0:00:53]} Kh5 {[%emt 0:00:58]} 57. c5 {[%emt 0:00:28]} Bd5 {[%emt 0:00:49]} 58. Nf3 {[%emt 0:00:40]} Kg4 {[%emt 0:01:00]} 59. Nd4 {[%emt 0:00:25]} h3 {[%emt 0:02:46]} 60. Kg1 {[%emt 0:01:06]} Kg3 {[%emt 0:00:30]} 61. Ne2+ Kf3 {[%emt 0:00:30]} 62. Nd4+ {[%emt 0:01:00]} Kxf4 {[%emt 0:00:30]} 1/2-1/2

[Event "XVIII Orsha GM 2020"]
[Site "Orsha"]
[Date "2020.01.19"]
[Round "3.5"]
[White "Teterev, Vitaly"]
[Black "Bryakin, Mikhail"]
[Result "1/2-1/2"]
[WhiteElo "2476"]
[BlackElo "2442"]
[Annotator "ChessBase"]
[PlyCount "105"]
[EventDate "2020.01.18"]
[EventType "tourn"]
[EventCountry "BLR"]
[SourceTitle "playchess.com"]
[Source "ChessBase"]
[SourceQuality "1"]
[TimeControl "5400+30"]

1. Nf3 {[%emt 0:00:00]} d5 {[%emt 0:00:00]} 2. g3 {[%emt 0:00:06]} Nf6 {[%emt 0:00:00]} 3. Bg2 {[%emt 0:00:16]} c6 {[%emt 0:00:18]} 4. O-O {[%emt 0:00:30]} Bf5 {[%emt 0:00:17]} 5. c4 {[%emt 0:00:23]} e6 {[%emt 0:00:13]} 6. cxd5 {[%emt 0:00:22]} exd5 {[%emt 0:01:22]} 7. d3 {[%emt 0:01:27]} Be7 {[%emt 0:00:19]} 8. Qb3 {[%emt 0:01:53]} Qb6 {[%emt 0:00:26]} 9. Qc2 {[%emt 0:00:01]} Nbd7 {[%emt 0:01:30]} 10. Nc3 {[%emt 0:01:27]} O-O {[%emt 0:01:28]} 11. e4 {[%emt 0:02:20]} dxe4 {[%emt 0:03:24]} 12. dxe4 {[%emt 0:00:06]} Bg6 {[%emt 0:00:14]} 13. Be3 {[%emt 0:04:21]} Qa5 {[%emt 0:01:32]} 14. a3 {[%emt 0:01:10]} Nd5 {[%emt 0:02:18]} 15. Bd2 {[%emt 0:04:27]} Qb6 {[%emt 0:08:58]} 16. Na4 {[%emt 0:05:15]} Qc7 {[%emt 0:04:42]} 17. Rfe1 {[%emt 0:03:29]} Rfe8 {[%emt 0:06:39]} 18. Qb3 {[%emt 0:14:13]} N5b6 {[%emt 0:05:09]} 19. Rad1 {[%emt 0:08:23]} Nxa4 {[%emt 0:02:00]} 20. Qxa4 {[%emt 0:00:27]} Nc5 {[%emt 0:02:19]} 21. Qc2 {[%emt 0:03:22]} Rad8 {[%emt 0:05:56]} 22. Bf4 {[%emt 0:01:44]} Qb6 {[%emt 0:08:19]} 23. Ne5 {[%emt 0:02:06]} Qb3 {[%emt 0:13:05]} 24. Qxb3 {[%emt 0:07:54]} Nxb3 {[%emt 0:00:02]} 25. Nxg6 {[%emt 0:02:51]} hxg6 {[%emt 0:01:17]} 26. Bc7 {[%emt 0:07:46]} Rd4 {[%emt 0:03:55]} 27. Rxd4 {[%emt 0:01:49]} Nxd4 {[%emt 0:00:02]} 28. Rd1 {[%emt 0:00:36]} Ne6 {[%emt 0:01:01]} 29. Be5 {[%emt 0:05:18]} Rd8 {[%emt 0:03:21]} 30. Rxd8+ {[%emt 0:00:46]} Bxd8 {[%emt 0:00:01]} 31. Kf1 {[%emt 0:04:16]} g5 {[%emt 0:03:02]} 32. Ke2 {[%emt 0:02:26]} Kf8 {[%emt 0:00:13]} 33. Bh3 {[%emt 0:00:52]} Bc7 {[%emt 0:01:15]} 34. Bc3 {[%emt 0:01:19]} g6 {[%emt 0:02:59]} 35. Bxe6 {[%emt 0:04:07]} fxe6 {[%emt 0:00:01]} 36. Bd4 {[%emt 0:00:26]} g4 {[%emt 0:03:33]} 37. Bxa7 {[%emt 0:01:23]} b6 {[%emt 0:00:14]} 38. a4 {[%emt 0:00:33]} Ke7 {[%emt 0:01:03]} 39. Ke3 {[%emt 0:03:01]} Kd7 {[%emt 0:01:38]} 40. e5 {[%emt 0:01:26]} c5 {[%emt 0:06:15]} 41. a5 {[%emt 0:02:15]} bxa5 {[%emt 0:00:41]} 42. Bxc5 {[%emt 0:00:40]} Bxe5 {[%emt 0:01:05]} 43. b3 {[%emt 0:01:32]} Kc6 {[%emt 0:00:26]} 44. Be7 {[%emt 0:00:19]} Bd6 {[%emt 0:01:51]} 45. Bd8 {[%emt 0:00:46]} Kb5 {[%emt 0:00:50]} 46. f3 {[%emt 0:00:36]} gxf3 {[%emt 0:00:09]} 47. Kxf3 {[%emt 0:00:12]} Kb4 {[%emt 0:02:51]} 48. Ke4 {[%emt 0:01:04]} Kxb3 {[%emt 0:00:36]} 49. Bxa5 {[%emt 0:00:15]} Kc4 {[%emt 0:00:29]} 50. Be1 {[%emt 0:01:45]} Kc5 {[%emt 0:00:30]} 51. h4 {[%emt 0:00:30]} Kc6 {[%emt 0:00:19]} 52. g4 {[%emt 0:00:32]} Kd7 {[%emt 0:00:12]} 53. h5 {[%emt 0:00:07]} 1/2-1/2

[Event "XVIII Orsha GM 2020"]
[Site "Orsha"]
[Date "2020.01.20"]
[Round "4.1"]
[White "Lazavik, Denis"]
[Black "Bryakin, Mikhail"]
[Result "0-1"]
[WhiteElo "2411"]
[BlackElo "2442"]
[Annotator "TA"]
[PlyCount "44"]
[EventDate "2020.01.18"]
[EventType "tourn"]
[EventCountry "BLR"]
[SourceTitle "playchess.com"]
[Source "ChessBase"]
[SourceQuality "1"]

{[%evp 15,44,27,33,24,17,20,20,14,32,24,36,23,30,33,31,16,12,0,0,0,0,0,0,0,8,0,17,10,20,18,27]} 1. d4 e6 2. c4 f5 3. g3 Nf6 4. Bg2 c6 5. Nf3 d5 6. O-O Bd6 7. Nc3 Qe7 8. Qc2 O-O 9. Bg5 {A90: Dutch Defence: Miscellaneous and Modern Stonewall (with ...Bd6)} (9. Rb1 Bd7 10. c5 Bc7 11. b4 Ne4 12. Nxe4 fxe4 13. Bg5 Qf7 14. Ne5 Bxe5 15. dxe5 Be8 16. f3 Nd7 17. fxe4 {½-½ (48) Wojtaszek,R (2750)-Sadzikowski,D (2588) Warsaw 2018}) 9... h6 10. Bf4 Bxf4 11. gxf4 Nbd7 12. cxd5 cxd5 13. e3 $146 ({Predecessor:} 13. Rfc1 Kh7 14. Nb5 a6 15. Nc3 Nb6 16. Ne5 Bd7 {½-½ (33) Falatowicz,P (2386)-Tonisson,P (2401) ICCF email 2016}) 13... b6 14. Rfc1 Bb7 15. Ne2 Rfc8 {The position is equal.} 16. Qd1 Ba6 17. Ng3 Qb4 18. Qd2 Qxd2 19. Nxd2 Kf7 20. h4 Ke7 21. Bf1 Bxf1 22. Kxf1 Ne4 {[%mdl 32768] Accuracy: White = 70%, Black = 54%. . Loss on time!?} 0-1

[Event "XVIII Orsha GM 2020"]
[Site "Orsha"]
[Date "2020.01.20"]
[Round "4.2"]
[White "Nozdrachev, Leonid"]
[Black "Teterev, Vitaly"]
[Result "1/2-1/2"]
[WhiteElo "2404"]
[BlackElo "2476"]
[Annotator "TA"]
[PlyCount "46"]
[EventDate "2020.01.18"]
[EventType "tourn"]
[EventCountry "BLR"]
[SourceTitle "playchess.com"]
[Source "ChessBase"]
[SourceQuality "1"]

{[%evp 16,46,7,10,22,19,16,-5,-10,-8,-20,-75,-80,-72,-78,-68,-76,-81,-42,-140,-135,-129,-136,-118,4,-6,2,0,2,2,6,0,0]} 1. d4 Nf6 2. c4 g6 3. Nf3 Bg7 4. g3 O-O 5. Bg2 d6 6. O-O c6 7. Nc3 Bf5 8. Nh4 Be6 9. b3 d5 {E62: King's Indian: Fianchetto: 6...c6 and Panno Variation (6...Nc6) without ...a6} 10. Qd3 (10. cxd5 cxd5 11. Nf3 Nc6 12. Bb2 Bf5 13. Rc1 Ne4 14. e3 Nxc3 15. Bxc3 Be4 16. Qe2 Rc8 17. Bh3 Bxf3 18. Qxf3 {½-½ (54) Cheparinov,I (2710)-Rakhmanov,A (2653) Riadh 2017}) 10... Na6 11. Rd1 $146 ({Predecessor:} 11. Ba3 Re8 12. cxd5 Nxd5 13. Nxd5 cxd5 14. Rfc1 Qa5 15. Bb2 Rac8 16. a3 Nc5 17. Rxc5 Rxc5 {1-0 (56) Drozdowski,K (2455)-Bernadskiy,V (2586) Pardubice 2018}) 11... c5 12. dxc5 {[%cal Rc4d5]} dxc4 $1 ({Don't play} 12... Nxc5 13. Qc2 $14) 13. Qb1 (13. bxc4 $11 {keeps the balance.} Qa5 14. Bd2) 13... Qa5 $17 14. Bd2 Rad8 {Strongly threatening ...Rxd2!} 15. Nd5 Qxc5 16. Be3 Qa3 17. Bc1 {[#]} ({White should try} 17. bxc4 $15 Nxd5 18. cxd5) 17... Qa5 $1 18. Bd2 {[#]} ({Avoid the trap} 18. Nxe7+ $2 Kh8 $19) 18... Qb5 $1 19. bxc4 Qxb1 (19... Qxc4 $17 20. Rc1 Qxe2 21. Nxe7+ Kh8) 20. Raxb1 {The position is equal.} Nxd5 21. cxd5 Bxd5 22. Ba5 b6 $1 23. Bxb6 axb6 {Accuracy: White = 44%, Black = 71%.} 1/2-1/2

[Event "XVIII Orsha GM 2020"]
[Site "Orsha"]
[Date "2020.01.20"]
[Round "4.3"]
[White "Pang, Tao"]
[Black "Zarubitski, Viachaslau"]
[Result "1-0"]
[WhiteElo "2367"]
[BlackElo "2451"]
[Annotator "RC"]
[PlyCount "129"]
[EventDate "2020.01.18"]
[EventType "tourn"]
[EventCountry "BLR"]
[SourceTitle "playchess.com"]
[Source "ChessBase"]
[SourceQuality "1"]
[TimeControl "5400+30"]

1. Nf3 {[%emt 0:00:00]} Nf6 {[%emt 0:00:00]} 2. c4 {[%emt 0:00:16]} b6 {[%emt 0:00:55]} 3. g3 {[%emt 0:02:47]} Bb7 {[%emt 0:00:05]} 4. Bg2 {[%emt 0:00:03]} e6 {[%emt 0:01:40]} 5. O-O {[%emt 0:00:40]} Be7 {[%emt 0:00:17]} 6. d4 {[%emt 0:00:49]} O-O {[%emt 0:00:15]} 7. Nc3 {[%emt 0:01:02]} Ne4 {[%emt 0:00:53]} 8. Qc2 {[%emt 0:04:27]} Nxc3 {[%emt 0:00:35]} 9. Qxc3 {[%emt 0:00:05]} d6 {[%emt 0:02:24]} 10. b4 {[%emt 0:04:26]} a5 {[%emt 0:05:01]} 11. b5 {[%emt 0:00:53]} Nd7 {[%emt 0:02:29]} 12. Bb2 {[%emt 0:05:12]} Bf6 {[%emt 0:02:47]} 13. Qc2 {[%emt 0:05:02]} g6 {[%emt 0:00:51]} 14. Rfd1 {[%emt 0:03:55]} Qe7 {[%emt 0:06:58]} 15. Ne5 {[%emt 0:08:18]} dxe5 {[%emt 0:08:13]} 16. Bxb7 {[%emt 0:00:21]} Rab8 {[%emt 0:00:45]} 17. Bc6 {[%emt 0:06:44]} exd4 {[%emt 0:00:23]} 18. Bxd4 {[%emt 0:02:17]} Bxd4 {[%emt 0:07:59]} 19. Rxd4 {[%emt 0:00:01]} Nc5 {[%emt 0:00:19]} 20. Rad1 {[%emt 0:03:36]} Qf6 {[%emt 0:00:39]} 21. Qd2 {[%emt 0:03:11]} Kg7 {[%emt 0:01:29]} 22. Kg2 {[%emt 0:01:32]} Qe5 {[%emt 0:03:03]} 23. h4 {[%emt 0:01:57]} h6 {[%emt 0:11:58]} 24. e4 {[%emt 0:20:23]} Qf6 {[%emt 0:02:40]} 25. Qe3 {[%emt 0:01:08]} Rfd8 {[%emt 0:14:33]} 26. e5 {[%emt 0:00:24]} Qe7 {[%emt 0:00:01]} 27. Qd2 {[%emt 0:03:22]} Rxd4 {[%emt 0:00:28]} 28. Qxd4 {[%emt 0:00:01]} Rf8 {[%emt 0:04:14]} 29. Rd2 {[%emt 0:03:25]} Rg8 {[%emt 0:00:45]} 30. Rd1 {[%emt 0:01:33]} Rh8 {[%emt 0:03:15]} 31. Rd2 {[%emt 0:03:04]} Rf8 {[%emt 0:00:14]} 32. Kg1 {[%emt 0:01:09]} Rg8 {[%emt 0:00:32]} 33. Kg2 {[%emt 0:00:09]} Rf8 {[%emt 0:01:19]} 34. Kg1 {[%emt 0:00:07]} f5 {[%emt 0:01:32]} 35. exf6+ {[%emt 0:00:14]} Qxf6 {[%emt 0:00:10]} 36. Qe3 {[%emt 0:00:16]} Kh7 {[%emt 0:03:31]} 37. Kg2 {[%emt 0:00:47]} Rd8 {[%emt 0:01:43]} 38. Rxd8 {[%emt 0:00:15]} Qxd8 {[%emt 0:00:01]} 39. Qe5 {[%emt 0:00:21]} Qe7 {[%emt 0:00:21]} 40. h5 {[%emt 0:00:19]} gxh5 {[%emt 0:05:49]} 41. Qxh5 {[%emt 0:00:54]} Qf6 {[%emt 0:00:58]} 42. Qe8 {[%emt 0:01:02]} Kg7 {[%emt 0:00:26]} 43. f4 {[%emt 0:03:31]} Qb2+ {[%emt 0:01:19]} 44. Kh3 {[%emt 0:00:05]} Qf6 {[%emt 0:00:05]} 45. Kg2 {[%emt 0:00:03]} Qf8 {[%emt 0:03:09]} 46. Qh5 {[%emt 0:00:20]} Qf5 {[%emt 0:00:07]} 47. Qe8 {[%emt 0:00:40]} Qc2+ {[%emt 0:01:19]} 48. Kh3 {[%emt 0:00:03]} Qf5+ {[%emt 0:00:14]} 49. Kg2 {[%emt 0:00:04]} Qf6 {[%emt 0:00:02]} 50. Kh2 {[%emt 0:01:25]} Qf8 {[%emt 0:02:51]} 51. Qh5 {[%emt 0:00:03]} Qf6 {[%emt 0:01:33]} 52. Qe8 {[%emt 0:00:09]} Qf8 {[%emt 0:00:03]} 53. Qh5 {[%emt 0:00:03]} Qf5 {[%emt 0:00:30]} 54. Qe8 {[%emt 0:00:15]} Qf7 {[%emt 0:00:33]} 55. Qd8 {[%emt 0:00:11]} Qh5+ {[%emt 0:00:41]} 56. Kg1 {[%emt 0:00:07]} Qf7 {[%emt 0:01:28]} 57. Be8 {[%emt 0:01:50]} Qf6 {[%emt 0:00:54]} 58. Qxc7+ {[%emt 0:00:02]} Kf8 {[%emt 0:00:04]} 59. Bh5 {[%emt 0:01:54]} a4 {[%emt 0:01:09]} 60. Qxb6 {[%emt 0:01:09]} Qa1+ {[%emt 0:00:57]} 61. Kg2 {[%emt 0:00:12]} Qxa2+ {[%emt 0:00:27]} 62. Kh3 {[%emt 0:00:03]} Qxc4 {[%emt 0:00:25]} 63. Qd8+ {[%emt 0:00:26]} Kg7 {[%emt 0:00:01]} 64. Qe7+ {[%emt 0:00:06]} Kh8 {[%emt 0:00:11]} 65. Qf6+ {[%emt 0:00:03]} 1-0

[Event "XVIII Orsha GM 2020"]
[Site "Orsha"]
[Date "2020.01.20"]
[Round "4.4"]
[White "Afanasiev, Nikita"]
[Black "Gleizerov, Evgeny"]
[Result "*"]
[WhiteElo "2516"]
[BlackElo "2508"]
[Annotator "TA"]
[PlyCount "41"]
[EventDate "2020.01.18"]
[EventType "tourn"]
[EventCountry "BLR"]
[SourceTitle "playchess.com"]
[Source "ChessBase"]
[SourceQuality "1"]

{[%evp 24,29,-28,-27,-35,-41,-46,-79]} 1. e4 e6 2. d4 d5 3. Nc3 Nf6 4. Bg5 Be7 5. e5 Nfd7 6. Bxe7 Qxe7 7. f4 O-O 8. Nf3 c5 9. dxc5 Nc6 10. Qd2 Nxc5 11. O-O-O a6 12. Qe3 b5 13. Bd3 Nxd3+ {C14: French: Classical System: 4 Bg5 Be7 main line} 14. cxd3 Bb7 15. d4 (15. Ne2 d4 16. Nexd4 Nb4 {½-½ (16) Almasi,Z (2633)-Gleizerov,E (2589) Geneve 2004}) {Predecessor:} 15... Na5 $146 16. Qd3 Nc4 17. Kb1 b4 18. Na4 Bc6 19. Ng5 f5 20. Nc5 Bd7 21. Qh3 {0-1 (40) Jenni,F (2524)-Zueger,B (2411) Switzerland 2007} *

[Event "XVIII Orsha GM 2020"]
[Site "Orsha"]
[Date "2020.01.20"]
[Round "4.4"]
[White "Afanasiev, Nikita"]
[Black "Gleizerov, Evgeny"]
[Result "1/2-1/2"]
[WhiteElo "2516"]
[BlackElo "2508"]
[Annotator "TA"]
[PlyCount "44"]
[EventDate "2020.01.18"]
[EventType "tourn"]
[EventCountry "BLR"]
[SourceTitle "playchess.com"]
[Source "ChessBase"]
[SourceQuality "1"]

{[%evp 24,44,-26,-36,-32,-45,-37,-102,-62,-45,-44,-81,-72,-86,-43,-63,-78,-72,-76,-70,-75,-66,-74]} 1. e4 e6 2. d4 d5 3. Nc3 Nf6 4. Bg5 Be7 5. e5 Nfd7 6. Bxe7 Qxe7 7. f4 O-O 8. Nf3 c5 9. dxc5 Nc6 10. Qd2 Nxc5 11. O-O-O a6 12. Qe3 b5 13. Bd3 Nxd3+ {C14: French: Classical System: 4 Bg5 Be7 main line} 14. cxd3 Bb7 15. d4 (15. Ne2 $15) (15. Ne2 d4 16. Nexd4 Nb4 {½-½ (16) Almasi,Z (2633)-Gleizerov,E (2589) Geneve 2004}) 15... Rac8 $146 {Black is better.} ({Predecessor:} 15... Na5 16. Qd3 Nc4 17. Kb1 b4 18. Na4 Bc6 19. Ng5 f5 20. Nc5 Bd7 21. Qh3 {0-1 (40) Jenni,F (2524)-Zueger,B (2411) Switzerland 2007}) 16. Kb1 Na5 17. Rc1 Nc4 18. Qf2 Bc6 19. Nd1 b4 20. Ne3 Bb5 21. b3 Na3+ 22. Kb2 Bd3 {Accuracy: White = 46%, Black = 67%.} 1/2-1/2

[Event "XVIII Orsha GM 2020"]
[Site "Orsha"]
[Date "2020.01.20"]
[Round "4.5"]
[White "Nozdrachev, Vladislav"]
[Black "Moiseenko, Vadim"]
[Result "0-1"]
[WhiteElo "2494"]
[BlackElo "2534"]
[Annotator "TA"]
[PlyCount "84"]
[EventDate "2020.01.18"]
[EventType "tourn"]
[EventCountry "BLR"]
[SourceTitle "playchess.com"]
[Source "ChessBase"]
[SourceQuality "1"]

{[%evp 12,84,24,3,9,0,0,0,0,0,0,-11,-12,-17,0,-20,-14,-21,-11,-14,0,-66,-66,-63,-51,-68,-55,-84,-91,-87,-88,-87,-76,-116,-48,-120,-117,-123,-101,-112,-131,-218,-216,-203,-201,-188,-176,-228,-146,-148,-153,-152,-141,-152,-119,-302,-328,-325,-332,-336,-338,-306,-294,-436,-28,-416,-432,-803,-794,-720,-696,-869,-614,-1450,-1404]} 1. e4 c5 2. Nf3 Nc6 3. Bb5 g6 4. O-O Bg7 5. Re1 e5 6. Bxc6 dxc6 7. b3 Qc7 {B31: Sicilian: 2...Nc6 3 Bb5 g6} (7... Nh6 8. d3 O-O 9. Nbd2 f6 10. a4 a5 11. Nc4 Be6 12. h3 Nf7 13. Bd2 Qc7 14. Qe2 b6 15. Nh2 {½-½ (55) Megaranto,S (2545)-Le,Q (2713) Changsha 2019}) 8. Bb2 Nh6 9. d3 $146 ({Predecessor:} 9. Na3 O-O 10. Nc4 f6 11. a4 Nf7 12. c3 f5 13. d3 f4 14. b4 cxb4 15. cxb4 {0-1 (35) Roth,P (2174)-Palac,M (2572) Austria 2013}) 9... O-O {The position is equal.} 10. Nbd2 Be6 11. Nc4 {[%cal Rb2e5]} f6 12. Ne3 Nf7 13. Nd2 a5 14. a4 Rae8 15. Ndc4 b6 16. c3 (16. h4 $11) 16... Rd8 $15 17. Qe2 Rd7 18. Red1 Rfd8 19. Nc2 f5 20. exf5 gxf5 21. Ne1 Bf6 22. Nd2 {[#]} Nh8 (22... e4 $1 $17 {[%mdl 512]} 23. Nc4 (23. dxe4 Qf4) 23... Ne5 24. dxe4 Rxd1 25. Rxd1 Rxd1 26. Qxd1 Nxc4 27. bxc4 fxe4) 23. f4 ({White should play} 23. Rab1 $15) 23... Ng6 24. fxe5 Qxe5 25. Qf2 Qf4 26. Nc4 (26. Ndf3 $17) 26... Qxf2+ $1 $19 27. Kxf2 Bxc4 28. bxc4 Ne5 29. Rab1 (29. Ra2 $142) 29... Kf7 ({Don't take} 29... Nxd3+ 30. Nxd3 Rxd3 31. Rxd3 $17) 30. Ke2 Re8 31. Kf1 Ng4 {Threatens to win with ...Ne3+.} 32. Bc1 Bxc3 33. Rxb6 $2 (33. h3 $17 Bxe1 34. hxg4) 33... Nxh2+ 34. Kf2 Ng4+ 35. Kf1 Rde7 $1 {[%cal Re7e1]} ({Weaker is} 35... Bxe1 36. Rxe1 Rxe1+ 37. Kxe1 $17) 36. Nf3 Re2 $1 37. Rxc6 {[#]} (37. Ng5+ $142 Kg8 38. Ne4 $1 {[%mdl 512]} R8xe4 {[%mdl 64] Remove Defender} 39. dxe4 Rf2+ 40. Kg1) 37... Rf2+ $1 38. Kg1 Ree2 39. Bf4 (39. Nh4 $142 Bf6 40. Rc7+ Ke6 41. Rc6+ Ke7 42. Rc7+ Ke6 43. Rc6+ Kf7 44. Rc7+ Ke8 45. Rxh7) 39... Rxg2+ 40. Kh1 Rgf2 41. Ng5+ Kg7 {( -> ...Rh2+!)} 42. Rb1 {[#] Threatening mate with Rb7+.} Rh2+ $1 {[%mdl 512] Accuracy: White = 46%, Black = 79%.} 0-1